000
00299nam a22001337a 4500
008
170210b xxu||||| |||| 00| 0 eng d
020
_a
9780130493798
041
_a
eng
080
_a
61
100
_a
4
101
_a
SHM
245
_a
CULTURAL DIVERSITY HEALTH ILLNESS
_c
SPECTOR .E
942
_2
udc
_c
BK
999
_c
5174
_d
5174